000 00412cam a22001217a 4500
008 180718b xxu||||| |||| 00| 0 eng d
082 _aX89x5441 Al51
100 _aVirmani,Shaila
245 _aAppropriate technology for solid waste collection and disposal : A Case study of Surendranagar Town
_cBy Shaila Virmani
260 _aBombay
_bRCFUES
_c
300 _aiii, 65p.
650 _aSolid waste collection and disposal
999 _c412894
_d412894